000 01095nam a22003017a 4500
005 20110725141933.0
008 110725t xxu||||| |||| 00| 0 eng d
010 _aENG-103121
020 _a9780071077866
_c525.00
020 _a0071077863
_c525.00
035 _aEN-86654
037 _bDBAD / PUB
040 _adpl
_bEnglish
082 _a621.4022
100 _929868
_aCengel, Yunus A.
245 _aHeat and mass transfer :
_cby Yunus A. Cengel [and] Afshin J. Ghajar
_bfundamentals and applications /
250 _a4th ed
260 _aNew Delhi
_bTata McGraw Hill
_c2011
270 _a7, West Patel Nagar
_bNew Delhi
_e110008
300 _axxi,902p. :
_c25cm (pbk)
_bill.
500 _aIncludes index
650 _929869
_aHeat
_xTransmission.
650 _aMass transfer.
_930031
651 _91549
700 _929871
_aGhajar, Afshin J.
_d1951-
_q(Afshin Jahanshahi)
942 _2ddc
_cEN
_h621.4022
_mCEN
999 _c54324
_d54324